000 00941nam a22002537a 4500
005 20111010120521.0
008 111010t xxu||||| |||| 00| 0 eng d
010 _aENG-103925
020 _a9788122205077
_c295.00
035 _aEN-87458
037 _bDBAD / PUB
040 _adpl
_bEnglish
082 _a153.14
100 _935374
_aShakuntala Devi
245 _aSuper memory :
_cby Shakuntala Devi
_bit can be yours /
260 _aNew Delhi
_bOrient Publishing
_c2011
270 _a5A/8, Ansari Road
_bNew Delhi
_e110002
300 _a238p. :
_c22cm (pbk)
_bill.
650 _935375
700 _935376
942 _2ddc
_cEN
_mSHA
_h153.14
999 _c57456
_d57456